000 00860nmm a2200265 a 4500
001 ocm000656032
003 TR-IsHL
005 20201028142050.0
008 140104s2004 tu tur
007 cr cn
020 _a9789753591089
035 _a656032
_b(N$T)
050 0 4 _aBP191
_b.A37 2004
090 0 4 _aBP191
_b.A37 2004
100 1 _aAksun, Ziya Nur
245 1 0 _aSiyasi ve sosyal açıdan mezhebler tarikatlar
_h[electronic resource] /
_cZiya Nur Aksun
260 _aİstanbul :
_bMarifet Yayınları,
_c2004
300 _a144 p.
650 4 _aFelsefe, Psikoloji ve Din
650 4 _aPhilosophy, Psychology and Religion
650 0 _aİslam mezhepleri
650 0 _aIslamic sects
650 7 _aRELIGION / Islam / General
_2bisacsh
856 4 0 _uhttp://search.ebscohost.com/login.aspx?direct=true&scope=site&db=e011xww&AN=656032
999 _c8151
_d8151